000 00443nam a2200181Ia 4500
001 13739
005 20260306164823.0
008 260306t2002||||xx |||||||||||||| ||spa||
041 _aESP
082 _a005.133C2
_bS83 2002
100 _aStroustrup, Bjarne
_eAUT
245 0 _aEl lenguaje de programación C++
260 _c2002
300 _axvi, 1072 pƔginas :
_c25 cm.
650 _aGEN
654 _aCCC
942 _cLIB
_dJUS
_fJUS
_2ddc
_n
999 _c13739
_d13739